000 01391nam a2200301 i 4500
001 000042580
003 DO-SdBNP
005 20240314193807.0
007 ta
008 140128s2013 dr 000 0 spa d
020 _a9789945423273
040 _aDO-SdBNP
_bspa
_cBNPHU
_erda
082 4 _222
100 _aManzano, Francisco
_969830
245 1 0 _aResponsabilidad penal de los administradores en los delitos societarios /
_cFrancisco Manzano ; prólogo Alejandro A. Moscoso Segarra.
264 _aSanto Domingo :
_bUNAPEC,
_c2013.
300 _av. ;
_c22 cm.
336 _2rdacontent
_atexto
_btxt
337 _2rdamedia
_asin mediación
_bn
338 _2rdacarrier
_avolumen
_bnc
500 _aLa biblioteca posee el tomo I
500 _aIncluye datos biográficos del autor en la solapa de la cubierta
504 _aBibliografía : p. 141-145
505 _aPresentación --
_tPrólogo --
_tIntroito --
_tDe la responsabilidad penal en el derecho penal de la empresa --
_tDe los delitos societarios --
_tDe los administradores y de la inoponiblidad de la personalidad jurídica de la empresa --
_tDe la estructuración de la responsabilidad penal de los administradores en los delitos societarios --
_tDe la acción penal en contra de los administradores --
590 _aInventariado, 2023 /LP
700 1 _aMoscoso Segarra, Alejandro A
_d1964-
_eprólogo
_962241
942 _2ddc
_cLBS1
999 _c42069
_d42069